[Event "TUR-chT 1st League"]
[Site "Denizli"]
[Date "2023.07.10"]
[Round "2.56"]
[White "Atalay, Mehmet Yekta"]
[Black "Mese, Emircan"]
[Result "0-1"]
[WhiteElo "1177"]
[BlackElo "1269"]
[PlyCount "41"]
[EventDate "2023.07.09"]
[EventType "team-swiss"]
[EventRounds "9"]
[EventCountry "TUR"]
[SourceTitle "CBM 215 Extra"]
[Source "ChessBase"]
[SourceDate "2023.09.30"]
[SourceVersion "1"]
[SourceVersionDate "2023.09.30"]
[SourceQuality "1"]
[WhiteTeam "Salihli Sardes"]
[BlackTeam "Besiktas Jimnastik"]
[WhiteTeamCountry "TUR"]
[BlackTeamCountry "TUR"]

1. e4 e6 2. d4 d5 3. Nc3 dxe4 4. Nxe4 Nd7 5. Nf3 Ngf6 6. Bd3 Be7 7. c3 Nxe4 8. Bxe4 Nf6 9. Bc2 b6 10. 0-0 0-0 11. Qd3 Bb7 12. Re1 c5 13. Bg5 g6 14. Rad1 Qc7 15. Ne5 cxd4 16. Qxd4 Rad8 17. Qh4 Rxd1 18. Bxd1 Nd5 19. Bxe7 Nxe7 20. Bb3 Bd5 21. Bxd5 0-1